A Guide to Writing as an Engineer /

Manual para el diseño, redacción, presentación y comunicación de reportes, ensayos, y conferencias relacionados con el campo de la ingeniería.

Gespeichert in:
Bibliographische Detailangaben
1. Verfasser: Beer, David F. (autor)
Weitere Verfasser: McMurrey, David (autor) (autor)
Format: Buch
Sprache:Englisch
Veröffentlicht: Nueva York, EUA : Wiley, 1997, c1997
Schlagworte:
Tags: Tag hinzufügen
Keine Tags, Fügen Sie das erste Tag hinzu!

MARC

LEADER 00000nam^a2200000^a^4500
001 000051554
005 20250521000000.0
009 20260310090323.953
020 |a 0-471-11715-3 
037 |a Acervo ITESO - Biblioteca 
041 |a ING 
082 |a 808. 0666  |b BEE 
100 |a Beer, David F.  |e (autor) 
245 1 2 |a A Guide to Writing as an Engineer /  |c D.F. Beer, D. McMurrey. 
264 4 |a Nueva York, EUA :  |b Wiley,  |c 1997, c1997 
300 |a 253 p. 
336 |a texto  |b txt  |2 rdacontenido 
337 |a sin mediación  |b n  |2 rdamedio 
338 |a volumen  |b nc  |2 rdasoporte 
520 |a Manual para el diseño, redacción, presentación y comunicación de reportes, ensayos, y conferencias relacionados con el campo de la ingeniería. 
649 |a XX 
650 |a Redacción -  |x Tema Principal 
650 |a Comunicación Escrita -  |x Tema Principal 
650 |a Preceptiva Literaria 
650 |a Ingeniería 
700 |a McMurrey, David  |e (autor) 
910 |a Fondo General 
920 |a Impresos - Libros 
930 |a Colección General 
940 |a Literatura 
905 |a 101 
901 |a 0500008227  |b IT1  |c LIT  |u 20250521 
901 |a 0500009790  |b IT1  |c LIT  |u 20250521 
902 |a https://opac.biblio.iteso.mx/vufind/Record/000051554